000
00306nam a2200133Ia 4500
005
20251222141844.0
008
251222s9999||||xx |||||||||||||| ||spa||
020
_a
84-8316-241-5
082
_a
248.24/C17
100
_a
Calvo, Maximiliano
245
0
_a
Caminar en la Verdad:
264
_b
CCS
942
_c
LIB
999
_c
7533
_d
7533